000 01032nam a2200325Ia 4500
003 OSt
005 20221007123518.0
006 a|||||r|||| 00| 0
007 ta
008 221006b |||||||| |||| 00| 0 eng d
020 _a8120309847 (pbk)
_c350.00
024 _a13469
037 _b789, 08/02/2005, Unilib Book Distributors
_cTextual
040 _aPAPL
_cPAPL
_beng
041 _2eng
_aeng
082 _aD65,4, M4;N5;1 Carpa
100 _aRoddy Dennis
245 0 _aElectronic communications
_b Coolen John
250 _a4
260 _aNew
_bDelhi Prentice-Hall of India Pvt. Ltd.
_c1995
300 _aix, 820p.
_ccm.
500 _aAppendix A-B 802-809p; Index 811-820p
650 _a Circuits
_9473600
650 _a Communication
650 _a Electronic communication
_9471614
650 _aPhysics
700 _a Coolen John
942 _hD65,4, M4;N5;1 Carpa
_cTEXL
_2CC
999 _c1212022
_d1212022